Online
Catalog

Problemas y métodos de la semiología / (Record no. 11563)

MARC details
000 -CABECERA
campo de control de longitud fija 01507cam a2200397 a 4500
001 - NÚMERO DE CONTROL
campo de control 000011893
005 - FECHA Y HORA DE LA ÚLTIMA TRANSACCIÓN
campo de control 20200929162616.0
008 - DATOS DE LONGITUD FIJA--INFORMACIÓN GENERAL
campo de control de longitud fija 091029s1979 ag ad 000 0 spa d
040 ## - FUENTE DE LA CATALOGACIÓN
Centro catalogador/agencia de origen DO-SdBNP
Lengua de catalogación spa
Centro/agencia transcriptor BNPHU
041 17 - CÓDIGO DE LENGUA
Código de lengua del texto/banda sonora o título independiente spa
Código de lengua original fre
Fuente del código Código de idioma MARC
082 ## - NÚMERO DE LA CLASIFICACIÓN DECIMAL DEWEY
Número de clasificación 412
Número de documento/Ítem P962m
049 ## - FONDOS LOCALES (OCLC)
Fondos de biblioteca BNGR
240 00 - TÍTULO UNIFORME
Título uniforme Problemes et méthodes de la semiologie
Lenguaje de la obra Español
245 00 - MENCIÓN DE TÍTULO
Título Problemas y métodos de la semiología /
Mención de responsabilidad, etc. J. J. Nattiez [et..al][Compiladores] ; natella Castellani.
260 ## - PUBLICACIÓN, DISTRIBUCIÓN, ETC.
Lugar de publicación, distribución, etc. Buenos Aires :
Nombre del editor, distribuidor, etc. Nueva Visión,
Fecha de publicación, distribución, etc. 1979.
300 ## - DESCRIPCIÓN FÍSICA
Extensión 142 p. :
Otras características físicas il., tablas ;
Dimensiones 23 cm.
490 1# - MENCIÓN DE SERIE
Mención de serie Semiótica y epistemología
504 ## - NOTA DE BIBLIOGRAFÍA, ETC.
Nota de bibliografía, etc. Incluye bibliografía: p. 142.
534 ## - NOTA SOBRE LA VERSIÓN ORIGINAL
Frase introductoria Título original en francés:
Mención de título del original Problemes et méthodes de la semiologie
Publicación, distribución, etc. del original París : Didier-Larousse, 1974
650 #4 - PUNTO DE ACCESO ADICIONAL DE MATERIA--TÉRMINO DE MATERIA
Término de materia o nombre geográfico como elemento de entrada Semántica (filosofía)
9 (RLIN) 27878
650 #4 - PUNTO DE ACCESO ADICIONAL DE MATERIA--TÉRMINO DE MATERIA
Término de materia o nombre geográfico como elemento de entrada Semiología (linguística)
9 (RLIN) 28112
700 1# - PUNTO DE ACCESO ADICIONAL--NOMBRE DE PERSONA
Nombre de persona Nattiez, J. J.,
Término indicativo de función/relación comp.
9 (RLIN) 28113
700 1# - PUNTO DE ACCESO ADICIONAL--NOMBRE DE PERSONA
Nombre de persona J. C. Gardin,
Término indicativo de función/relación comp.
9 (RLIN) 28114
700 1# - PUNTO DE ACCESO ADICIONAL--NOMBRE DE PERSONA
Nombre de persona G. G. Granger,
Término indicativo de función/relación comp.
9 (RLIN) 28115
700 1# - PUNTO DE ACCESO ADICIONAL--NOMBRE DE PERSONA
Nombre de persona F. Lassave,
Término indicativo de función/relación comp.
9 (RLIN) 28116
700 1# - PUNTO DE ACCESO ADICIONAL--NOMBRE DE PERSONA
Nombre de persona F. Latraverse,
Término indicativo de función/relación comp.
9 (RLIN) 28117
700 1# - PUNTO DE ACCESO ADICIONAL--NOMBRE DE PERSONA
Nombre de persona J. M. Martin,
Término indicativo de función/relación comp.
9 (RLIN) 28118
700 1# - PUNTO DE ACCESO ADICIONAL--NOMBRE DE PERSONA
Nombre de persona J. Molino,
Término indicativo de función/relación comp.
9 (RLIN) 28119
700 1# - PUNTO DE ACCESO ADICIONAL--NOMBRE DE PERSONA
Nombre de persona Ch. Morris,
Término indicativo de función/relación comp.
9 (RLIN) 28120
700 1# - PUNTO DE ACCESO ADICIONAL--NOMBRE DE PERSONA
Nombre de persona J. P. Paillet,
Término indicativo de función/relación comp.
9 (RLIN) 28121
700 1# - PUNTO DE ACCESO ADICIONAL--NOMBRE DE PERSONA
Nombre de persona R. Tappero,
Término indicativo de función/relación comp.
9 (RLIN) 28122
700 1# - PUNTO DE ACCESO ADICIONAL--NOMBRE DE PERSONA
Nombre de persona B. Valette,
Término indicativo de función/relación comp.
9 (RLIN) 28123
700 1# - PUNTO DE ACCESO ADICIONAL--NOMBRE DE PERSONA
Nombre de persona Castellani, Donatella,
Término indicativo de función/relación tr.
9 (RLIN) 28124
830 #0 - PUNTO DE ACCESO ADICIONAL DE SERIE-TÍTULO UNIFORME
Título uniforme Semiótica y epistemología.
9 (RLIN) 28125
910 ## - DATOS DE OPCIÓN DEL USUARIO (OCLC)
Datos de opción del usuario Catalogación por copia.
Holdings
Estado de retiro Estado de pérdida Restricciones de uso No para préstamo Código de colección Localización permanente Ubicación/localización actual Ubicación en estantería Fecha de adquisición Número de inventario Total de préstamos Signatura topográfica completa Código de barras Fecha visto por última vez Precio válido a partir de Tipo de ítem Koha
    Préstamo interno   Monografías: Libros y Folletos General General En catalogación 29.10.2009 LF1   412 P962m 11893-10 25.06.2020 25.06.2020 Préstamo interno

Powered by Koha